| 000 | 00367nam a2200121Ia 4500 | ||
|---|---|---|---|
| 008 | 220620s9999||||xx |||||||||||||| ||und|| | ||
| 100 | _aJan Derco||Branislav Vrana | ||
| 245 | 0 | _aBiosorption | |
| 546 | _aEnglish[eng] | ||
| 650 | _aLife Sciences||Environmental Chemistry||Environmental Sciences | ||
| 856 | _uhttps://www.intechopen.com/books/biosorption | ||
| 942 | _cEB | ||
| 999 |
_c32792 _d32792 |
||